| 000 | 01085nmc a2200349 a 4500 | ||
|---|---|---|---|
| 003 | AR-BaBNM | ||
| 005 | 20251128203603.0 | ||
| 008 | 186019s1953 ||||||||||||||000 | spa|| | ||
| 040 | _cAR-BaBNM | ||
| 100 | 1 |
_aSan Martín, José de _d1778-1850 |
|
| 245 | 1 | 0 | _aEpistolario selecto y otros documentos |
| 260 |
_aBuenos Aires _bJackson _c1953 |
||
| 300 | 1 | _axl, 293 p. | |
| 490 | 0 |
_aGrandes Escritores Argentinos _vv. 2 |
|
| 500 | 0 | _aBiografía de San Martín | |
| 500 | 0 | _aEl nombre del prologuista fue extraído de la firma del prólogo | |
| 600 | 1 | 4 | _aGodoy, Tomas |
| 600 | 1 | 4 | _aBolívar, Simón |
| 600 | 1 | 4 |
_aRosas, Juan Manuel de _d1793-1877 |
| 650 | 4 | _aINDEPENDENCIA ARGENTINA | |
| 650 | 4 | _aCAMPANAS AL ALTO PERU | |
| 650 | 4 | _aCAMPANAS LIBERTADORAS | |
| 650 | 4 | _aEJERCITO DE LOS ANDES | |
| 650 | 4 | _aCRUCE DE LOS ANDES | |
| 650 | 4 | _aENTREVISTA DE GUAYAQUIL | |
| 650 | 4 | _aREGRESO DE SAN MARTIN | |
| 653 | 0 | _aGENERO EPISTOLAR | |
| 700 | 1 |
_aRaffo de la Reta, Julio César _eprologuista |
|
| 800 | 1 |
_aPalcos, Alberto _edirector |
|
| 942 | _cBK | ||
| 998 | _cisola | ||
| 999 |
_c4024 _d4024 |
||